Artifacts from the ancient Silk Road / (Record no. 84188)

MARC details
000 -LEADER
fixed length control field 02768cam a2200481 i 4500
001 - CONTROL NUMBER
control field GVRL50RM
003 - CONTROL NUMBER IDENTIFIER
control field MiFhGG
005 - DATE AND TIME OF LATEST TRANSACTION
control field 20250819155649.0
006 - FIXED-LENGTH DATA ELEMENTS--ADDITIONAL MATERIAL CHARACTERISTICS
fixed length control field m o d
007 - PHYSICAL DESCRIPTION FIXED FIELD--GENERAL INFORMATION
fixed length control field cr un ---uuuua
008 - FIXED-LENGTH DATA ELEMENTS--GENERAL INFORMATION
fixed length control field 220815t20232023caua ob 001 0 eng d
020 ## - INTERNATIONAL STANDARD BOOK NUMBER
International Standard Book Number 9781440858291
Qualifying information (electronic book)
020 ## - INTERNATIONAL STANDARD BOOK NUMBER
Canceled/invalid ISBN 9781440858284
Qualifying information (hardback)
035 ## - SYSTEM CONTROL NUMBER
System control number (OCoLC)1341400051
040 ## - CATALOGING SOURCE
Original cataloging agency MiFhGG
Language of cataloging eng
Transcribing agency MiFhGG
Description conventions rda
-- pn
050 #4 - LIBRARY OF CONGRESS CALL NUMBER
Classification number DS328.2
Item number .M54 2023
100 1# - MAIN ENTRY--PERSONAL NAME
Personal name Mierse, William E.,
Relator term author.
245 10 - TITLE STATEMENT
Title Artifacts from the ancient Silk Road /
Statement of responsibility, etc. William E. Mierse.
264 #1 - PRODUCTION, PUBLICATION, DISTRIBUTION, MANUFACTURE, AND COPYRIGHT NOTICE
Place of production, publication, distribution, manufacture Santa Barbara :
Name of producer, publisher, distributor, manufacturer ABC-CLIO, LLC,
Date of production, publication, distribution, manufacture, or copyright notice [2023]
264 #4 - PRODUCTION, PUBLICATION, DISTRIBUTION, MANUFACTURE, AND COPYRIGHT NOTICE
Date of production, publication, distribution, manufacture, or copyright notice ©2023
300 ## - PHYSICAL DESCRIPTION
Extent 1 online resource (liv, 403 pages) :
Other physical details color illustrations.
336 ## - CONTENT TYPE
Content type term text
Content type code txt
Source rdacontent
337 ## - MEDIA TYPE
Media type term computer
Media type code c
Source rdamedia
338 ## - CARRIER TYPE
Carrier type term online resource
Carrier type code cr
Source rdacarrier
490 1# - SERIES STATEMENT
Series statement Daily life through artifacts
490 0# - SERIES STATEMENT
Series statement Gale eBooks
504 ## - BIBLIOGRAPHY, ETC. NOTE
Bibliography, etc. note Includes bibliographical references and index.
505 2# - FORMATTED CONTENTS NOTE
Formatted contents note Preface -- How to use this book -- Introduction: what was the world of the ancient Silk Road? -- Alphabetical entries -- Amazons -- Animal style -- Banqueting -- City planning -- Coinage -- Domestication of the horse -- Funerary practices -- Indus Valley civilization -- Linguistic and genetic studies -- Monasticism -- Nomad kingdoms and empires -- Persepolis' Apadana -- Persistence of Classicism -- Shamanism, ancient Central Asian -- Silk -- Texts and archaeology -- Texts and translations -- Travelers, Early -- Wool working and carpet making -- Zoroastrianism -- Artifacts.
520 ## - SUMMARY, ETC.
Summary, etc. This book explores the interconnectivity of the Eurasian continent from 4000 BCE to 1000 CE. It focuses on the role played by Central Asia through which passed the major trade routes, the Silk Road. It covers life along the Silk Road as it can be understood by considering objects, which provide the vehicles for explorations of different aspects of life for settled peoples, steppe nomads, and peoples at either end of the Silk Road who drove certain kinds of economic exchanges.
588 ## - SOURCE OF DESCRIPTION NOTE
Source of description note Description based on print version record.
651 #0 - SUBJECT ADDED ENTRY--GEOGRAPHIC NAME
Geographic name Silk Road
General subdivision Civilization.
651 #0 - SUBJECT ADDED ENTRY--GEOGRAPHIC NAME
Geographic name Silk Road
General subdivision Antiquities.
651 #0 - SUBJECT ADDED ENTRY--GEOGRAPHIC NAME
Geographic name Asia, Central
General subdivision Civilization.
651 #0 - SUBJECT ADDED ENTRY--GEOGRAPHIC NAME
Geographic name Asia, Central
General subdivision Antiquities.
651 #0 - SUBJECT ADDED ENTRY--GEOGRAPHIC NAME
Geographic name Eurasia
General subdivision Civilization.
651 #0 - SUBJECT ADDED ENTRY--GEOGRAPHIC NAME
Geographic name Eurasia
General subdivision Antiquities.
710 2# - ADDED ENTRY--CORPORATE NAME
Corporate name or jurisdiction name as entry element Gale (Firm)
776 08 - ADDITIONAL PHYSICAL FORM ENTRY
Relationship information Print version:
Title Artifacts from the ancient Silk Road.
Place, publisher, and date of publication Santa Barbara : ABC-CLIO, LLC, [2023]
International Standard Book Number 9781440858284
Record control number (DLC) 2022037753
830 #0 - SERIES ADDED ENTRY--UNIFORM TITLE
Uniform title Daily life through artifacts.
856 40 - ELECTRONIC LOCATION AND ACCESS
Uniform Resource Identifier <a href="https://link.gale.com/apps/pub/50RM/GVRL?sid=gale_marc&u=phurs">https://link.gale.com/apps/pub/50RM/GVRL?sid=gale_marc&u=phurs</a>
Public note Available via Gale eBooks. Click here to access
912 ## -
-- 50RM
942 ## - ADDED ENTRY ELEMENTS (KOHA)
Source of classification or shelving scheme Library of Congress Classification
Koha item type E-Book
Holdings
Withdrawn status Source of classification or shelving scheme Damaged status Not for loan Home library Current library Date acquired Total Checkouts Date last seen Price effective from Koha item type
  Library of Congress Classification     E-Books Gale E-Books Gale 02/20/2025   02/20/2025 02/20/2025 E-Book

University of Rizal System
Email us at univlibservices@urs.edu.ph

Visit our Website www.urs.edu.ph/library